| 000 | 00434nam a2200181Ia 4500 | ||
|---|---|---|---|
| 008 | 170918s9999 xx 000 0 und d | ||
| 020 | _a393049922 | ||
| 050 | _bB347 2000 | ||
| 100 | _aBaum, L. Frank | ||
| 245 | 4 | _aThe annotated wizard of Oz / | |
| 245 | _cby L. Frank Baum. | ||
| 260 | _aUSA : | ||
| 260 | _bNorton, | ||
| 260 | _c2000 | ||
| 300 | _a396 pages : | ||
| 300 | _bsome colored illustrations ; | ||
| 300 | _c26cm. | ||
| 999 |
_c343637 _d343637 |
||